Quizzes
Events
Quiz Creation
Community
Videos
Private Events
Remove Ads
Sign In
Join for FREE
Feedback
Dark Mode
Quiz Categories
Sports
Geography
Music
Movies
Television
Just For Fun
Miscellaneous
History
Literature
Language
Science
Gaming
Entertainment
Religion
Holiday
For Kids
Quiz Lab
Recent
Popular Today
Quiz Kudos Today
Editor Picks
Curator Picks
Quizzes by...
Day
Popularity
Type
Ratings
Length
Year
Community
Subscriptions
Recent Discussions
Orange Saloon
Badges
Playlists
Quests
Create
Leaderboards
Showdown
Live 5
Trivia Bingo
Activity
Puzzle Library
Sporcle Events
Private Events
Virtual Trivia
Globe League
Become a Host
Pub Owners
SporcleCon
Opinionation
Our Games
Videos
Blog
Mobile Apps
Partnerships
Remove Ads and Go Orange
Feedback
Movies
Disney
Marvel Cinematic Universe
Movie Resume
Movie Titles
Oscar
Actor
Actress
Director
Pixar
Role
Movie Quotes
Movie Characters
Box Office
Nominee
Best Picture
Star Wars
James Bond
Horror Movies
Movies
Disney
Marvel Cinematic Universe
Movie Resume
Movie Titles
Oscar
Actor
Actress
Director
Pixar
Role
Movie Quotes
Movie Characters
Box Office
Nominee
Best Picture
Star Wars
James Bond
Horror Movies
Random Quiz
Search Sporcle
×
Quiz Lab
Quiz Lab
Movies
Quote
Type in answers that appear in a list
Type in answers that appear in a list
Classic
Best Score? Go Orange.
Film Quote...What Movie? Stats
Can you name the Film Quote...What Movie??
By
PureInfatuation
5m
15 Questions
403 Plays
403 Plays
403 Plays
Comments
Comments
Give Quiz Kudos
Give Quiz Kudos
-
- Ratings
hide this ad
Replay
Link that replays current quiz
Next Quiz
Link to next quiz in quiz playlist
You Got
0%
They Got
Avg Score
19%
Avg Friend Score
Upgrade to see
Score Distribution
Jump to the score distribution portion of the page
Score
0/15
Timer
05:00
0
Plays Today
Quote
Film
% Correct
'You can't handle the truth!!'
A Few Good Men
84.4%
'All right, you proved your point. You broke into my vault. Congratulations, you're a dead man'
Ocean's Eleven
46.9%
'But, John. If the Pirates of the Caribbean breaks down, the pirates don't eat the tourists'
Jurassic Park
44.2%
'I'll have the creme of sum yung gai'
Wayne's World
30%
'I carried a watermelon.'
Dirty Dancing
18.1%
'Creasey's art is death. He's about to paint his masterpiece.'
Man on Fire
17.9%
'Now back up, put the gun down, and get me a pack of Tropical Fruit Bubblicious'
Bad Boys
12.9%
'Hold on, Sugar! Daddy's got a sweet tooth tonight! '
The Mask
11.9%
Quote
Film
% Correct
'They didn't release you 'cause you're better, Daisy, they just gave up.'
Girl Interrupted
7.9%
'I don't need you anymore! All my life you made believe I was only worth what someone would pay for me'
Moulin Rouge
6.9%
They call this war a cloud over the land. But they made the weather and then they stand in the rain and say '****, it's raining!'
Cold Mountain
3.7%
'Could I speak to the drug dealer of the house, please? '
Last Action Hero
2.5%
'You cannot find peace by avoiding life, Leonard'
The Hours
1.2%
'America is a wall, and you're on the other side.'
A Time to Kill
1.2%
'Are you a giraffe? '
Birthday Girl
0.7%
Quiz Playlist
Details
Report
Send in Message
Add To Playlist
Classic:
Type in answers that appear in a list
Last Updated: Feb 16, 2017
Quiz Scoreboard
CHALLENGE
Sign Up to Join the Scoreboard
Show All
Scores
Hide
Comments
May contain spoilers
Recently Published
1-10 Letter E Words III
by El_Dandy
Language
2m
One Thing in Common: World Cities II
by knightlancer
Geography
7m
Popular People in 1961
by mucciniale
History
6m
More to Explore
Quiz From the Vault
Featured Blog Post
Where Did the Easter Bunny Come From?
hide this ad
You Might Also Like...
Tags
Quote Quiz
Today's Top Quizzes in Movies
Browse Movies
hide this ad
Today's Top Quizzes in Quote
Browse Quote
Top Contributed Quizzes in Movies
1
Multi-Oscar Nominations, One Movie, One Winner
2
12 Movies about Fictional 1960s Events
3
One Thing in Common: Movies
4
Three Word 'T' Movies Match Up
5
Sunday Crossword: Film Score Composers
6
One Thing in Common: Movies II
7
Three Word 'H' Movies Match Up
8
Three Word 'M' Movies Match Up
9
One Thing in Common: Oscars
10
Three Word 'P' Movies Match Up
Explore More
Trending Topics
Disney
Kpop
Anime
Crossword
NBA
Harry Potter
Marvel
Pokémon
Country
Song
Soccer
NFL
WWE
The Office
Puzzle
hide this ad
More By:
PureInfatuation
Quiz
Plays
Rating
Category
Featured
Created
Movie By Actors
90,841
3.43
Movies
Nov 14, 2009
Can You Name My Movie?
8,504
3.31
Movies
Jan 16, 2010
30 Rock: Who Said What?
3,000
3.29
Television
Jan 15, 2010
Film Quote...What Movie? IV
1,123
3.00
Movies
Dec 10, 2009
Fill in the Wayne's World Quotes
1,104
4.25
Movies
Nov 29, 2009
Go to Creator's Profile
Score Distribution
Quiz Creator Spotlight
PureInfatuation
Follow
Send a Message
Quizzes Created
-
Created Quiz Play Count
-
More By This Creator
Popular Quizzes Today
1
Find the US States - No Outlines Minefield
2
Find the Countries of Europe - No Outlines Minefield
3
The Countries of the World
4
Popular People in 1961
5
1-10 Letter E Words III
6
Find the US States
7
One Thing in Common: World Cities II
8
US States
More Movies Quizzes
Four Weddings and a Funeral (1994)
Curator's Pick
Trending Quizzes
Risky Map Clicking: Least Populous States A-Z
1-10 Letter F Words
1-10 Letter G Words
One Thing in Common: United Kingdom
Risky Map Clicking: Biggest States A-Z
Recently Updated
Leaping Animals
pecheneg
Reality TV Shows (A-Z)
bhenderson79
Rickey Henderson's Hall of Fame Teammates
pecheneg
Champions League XIs: Arsenal
pecheneg
Quick Pick: Celebrities in WWE's Hall of Fame
aduchscher
A-Z Keypad Blitz II
pecheneg
Multiple Oscar Actors
pecheneg
Mystery Phrase Blitz: Oscar 'Best Actors'
pecheneg
F. Scott Fitzgerald Novels
LTH
Pick 3 Villains
ddd62291
Trending Topics
Disney
Crossword
Anime
Harry Potter
NBA
Marvel
Kpop
NFL
Song
Soccer
Country
Puzzle
The Office
WWE
Pokémon
Your Account Isn't Verified!
In order to create a playlist on Sporcle, you need to verify the email address you used during registration. Go to your
Sporcle Settings
to finish the process.
Report this User
Report this user for behavior that violates our
Community Guidelines
.
Details:
Send Report
Go to the Sporcle.com Mobile Site →
Comments